000 00685cab a2200193 4500
001 X1247
008 090401t1994 xxu||||| |||| 00| 0 eng d
035 _a(Sirsi) u15794
041 _aeng
245 _aISVA loses bid for charter
260 _c1994
350 _a0
490 _aCSW - The Property Week
_v46(1) 6 January 1994, 8(1)
520 _aThe Privy Council has refused the Incorporated Society of Valuers and Auctioneers (ISVA)`s second application for a royal charter.
650 _aABOUT RICS-RELATED ORGANISATIONS-INCORPORATED SOCIETY OF VALUERS AND AUCTIONEERS
690 _aMANAGEMENT-BUSINESS MANAGEMENT-PROFESSIONAL PRACTICE
942 _n0
948 _c04/03/1997
999 _c10390
_d10390